000 00694nam a2200241Ia 4500
003 OSt
005 20220928131024.0
006 a|||||r|||| 00| 0
007 ta
008 220927b |||||||| |||| 00| 0 eng d
024 _a42207
037 _cTextual
040 _aSDCL
_cSDCL
_beng
041 _2eng
_aeng
082 _aS7:4g, P2
100 _aGannon Martin J Ed.
_9476798
245 0 _aBlackwell handbook of cross-cultural management.
260 _aOxford
_bBlackwell Publishers
_c2002
300 _axxiii,509p.
_ccm.
700 _a Newman Karen L Ed.
_9476799
942 _hS7:4g, P2
_cTEXL
_2CC
999 _c789269
_d789269